A carregar...

ALPHABETICAL INDEX OF SANSKRIT MANUSCRIPTS IN THE ORIENTAL RESEARCH INSTITUTE AND MANUSCRIPT LIBRARY, TRIVANDRUM A TO Ta

Detalhes bibliográficos
Outros Autores: BHASKARAN T
Formato: Printed Book
Publicado em: Thiruvananthapuram UNIVERSITY OF KERALA 1988
Assuntos:
LEADER 00688nam a2200169 4500
020
082 |a 025.341 2 BHA 
100
245 |a ALPHABETICAL INDEX OF SANSKRIT MANUSCRIPTS IN THE ORIENTAL RESEARCH INSTITUTE AND MANUSCRIPT LIBRARY, TRIVANDRUM A TO Ta  |h English 
250
260 |a Thiruvananthapuram  |b UNIVERSITY OF KERALA  |c 1988 
300 |a 252 p  |f HB 
650 |a ALPHABETICAL INDEX OF SANSKRIT MANUSCRIPTS IN THE ORIENTAL RESEARCH INSTITUTE AND MANUSCRIPT LIBRARY, TRIVANDRUM A TO Ta 
700 |a BHASKARAN T 
942 |c REF 
999 |c 151516  |d 151516 
952 |0 0  |1 0  |3 V5  |4 0  |6 025_341000000000000_2_BHA  |7 0  |9 164975  |a ORI  |b ORI  |l 0  |o 025.341 2 BHA  |p ORIR191/E  |r 2019-10-25  |w 2019-10-25  |y REF